[Event "FIDE WCC Blitz Women 2019"]
[Site "Moscow"]
[Date "2019.12.30"]
[Round "17.48"]
[White "Assaubayeva, Bibisara"]
[Black "Gvanceladze, Anna"]
[Result "1/2-1/2"]
[WhiteElo "2323"]
[BlackElo "2066"]
[Annotator "NA"]
[PlyCount "68"]
[EventDate "2019.12.29"]
[EventType "swiss"]
[EventCountry "RUS"]
[SourceTitle "playchess.com"]
[Source "ChessBase"]
[SourceQuality "1"]

1. d4 d5 2. c4 c6 3. Nf3 Nf6 4. e3 g6 5. Nc3 Bg7 6. Be2 O-O 7. O-O Bf5 8. b3 Ne4 9. Bb2 a5 10. Nxe4 Bxe4 11. Nd2 Bf5 12. Bc3 Nd7 13. Bf3 Nf6 14. Qe2 a4 15. Rfd1 Qd7 16. Rac1 axb3 17. axb3 Ra2 18. Qe1 Rfa8 19. e4 dxe4 20. Nxe4 Nxe4 21. Bxe4 Bxe4 22. Qxe4 e6 23. g3 h5 24. d5 cxd5 25. cxd5 exd5 26. Bxg7 Kxg7 27. Qxd5 Qe7 28. Qd4+ Kg8 29. Qf4 Rb2 30. Rc7 Qe6 31. Rxb7 Rxb3 32. Rxb3 Qxb3 33. Qd4 Re8 34. h4 Qe6 1/2-1/2

[Event "FIDE WCC Blitz Women 2019"]
[Site "Moscow"]
[Date "2019.12.30"]
[Round "17.49"]
[White "Ovod, Evgenija"]
[Black "Tomilova, Elena"]
[Result "1/2-1/2"]
[WhiteElo "2163"]
[BlackElo "2219"]
[Annotator "NA"]
[PlyCount "60"]
[EventDate "2019.12.29"]
[EventType "swiss"]
[EventCountry "RUS"]
[SourceTitle "playchess.com"]
[Source "ChessBase"]
[SourceQuality "1"]

1. e4 d5 2. exd5 Qxd5 3. Nf3 Nf6 4. d4 Bg4 5. Be2 c6 6. c4 Qd8 7. O-O e6 8. Nc3 Be7 9. Bf4 O-O 10. Qd2 Nbd7 11. Rad1 Re8 12. Rfe1 a5 13. h3 Bh5 14. Qe3 Bb4 15. Bg5 h6 16. Bh4 Qc7 17. Ne5 Bxe2 18. Rxe2 a4 19. Bg3 Qc8 20. Ne4 Nxe4 21. Qxe4 Nf6 22. Qh4 Be7 23. Qf4 b5 24. Bh4 bxc4 25. Bxf6 Bxf6 26. Nxc4 Qd8 27. Ne5 Qd5 28. a3 c5 29. Rdd2 cxd4 30. Rxd4 Qb5 1/2-1/2

[Event "FIDE WCC Blitz Women 2019"]
[Site "Moscow"]
[Date "2019.12.30"]
[Round "17.50"]
[White "Badelka, Olga"]
[Black "Nazarova, Anastasia"]
[Result "1-0"]
[WhiteElo "2186"]
[BlackElo "2049"]
[Annotator "NA"]
[PlyCount "85"]
[EventDate "2019.12.29"]
[EventType "swiss"]
[EventCountry "RUS"]
[SourceTitle "playchess.com"]
[Source "ChessBase"]
[SourceQuality "1"]

1. c4 e6 2. g3 d5 3. Bg2 Nf6 4. Nf3 dxc4 5. Qa4+ Bd7 6. Qxc4 c5 7. Ne5 Qc8 8. Qd3 Bc6 9. Nxc6 Nxc6 10. Nc3 Be7 11. b3 O-O 12. Bb2 Nb4 13. Qb1 Rd8 14. a3 Nc6 15. O-O Rxd2 16. Ne4 Nxe4 17. Bxe4 f5 18. Bf3 Nd4 19. Bxd4 Rxd4 20. Qc1 Qd7 21. Qe3 Rd8 22. Rac1 b6 23. h4 Bf6 24. Bg2 Qd6 25. Qf3 Rd2 26. Rfe1 Bb2 27. Rb1 Bf6 28. a4 Qd5 29. Qf4 Qe5 30. Qc4 R2d4 31. Qa6 Qc7 32. Rbc1 f4 33. e3 fxe3 34. Rxe3 e5 35. Ree1 Qd7 36. Qe2 Rd2 37. Qc4+ Kh8 38. Rf1 Qd4 39. Qf7 e4 40. Rce1 Qc3 41. Rxe4 Rg8 42. Re8 Rd8 43. Qxg8# 1-0

[Event "FIDE WCC Blitz Women 2019"]
[Site "Moscow"]
[Date "2019.12.30"]
[Round "17.51"]
[White "Nilssen, Ellen Fredericia"]
[Black "Yakimova, Mariya"]
[Result "0-1"]
[WhiteElo "2162"]
[BlackElo "2128"]
[Annotator "NA"]
[PlyCount "140"]
[EventDate "2019.12.29"]
[EventType "swiss"]
[EventCountry "RUS"]
[SourceTitle "playchess.com"]
[Source "ChessBase"]
[SourceQuality "1"]

1. d4 f5 2. c4 Nf6 3. Nf3 e6 4. g3 d5 5. Bg2 c6 6. b3 Bd6 7. O-O Qe7 8. Bb2 O-O 9. Ne5 a5 10. Nd2 b6 11. cxd5 exd5 12. Ndf3 Bb7 13. Rc1 Rc8 14. Qd3 Ne4 15. Nh4 g6 16. f3 Nf6 17. e4 Ba6 18. Qe3 Bxf1 19. Rxf1 fxe4 20. fxe4 dxe4 21. Qh6 Qg7 22. Qg5 Nbd7 23. Nxd7 Nxd7 24. Bxe4 Be7 25. Qd2 Bxh4 26. gxh4 Nf6 27. Bg2 Nd5 28. Qg5 Rd8 29. Re1 h6 30. Qg3 Re8 31. Rc1 Re2 32. Rxc6 Ne3 33. Bf3 Nf5 34. Qc7 Rxb2 35. Qxb6 Rb1+ 36. Kf2 Rb2+ 37. Kg1 Ne7 38. Re6 Re8 39. Bb7 Rb1+ 40. Kg2 Rb2+ 41. Kg1 Qf7 42. Rf6 Qg7 43. Ba6 Rf8 44. Bc4+ Kh8 45. Re6 Rb1+ 46. Kg2 Rb2+ 47. Kg1 Rb1+ 48. Kg2 Nf5 49. Kh3 Re1 50. Kg2 Nxh4+ 51. Kh3 Nf5 52. Rxe1 h5 53. Re6 g5 54. Rg6 g4+ 55. Kg2 Nh4+ 56. Kg1 Qxg6 57. Qc5 Qf6 58. Qxh5+ Kg7 59. Qxg4+ Qg6 60. Qxg6+ Nxg6 61. d5 Rd8 62. Kg2 Nf4+ 63. Kf3 Nxd5 64. Bxd5 Rxd5 65. Ke4 Rd2 66. a4 Rb2 67. Kd4 Rxb3 68. Kc4 Rb4+ 69. Kc3 Rxa4 70. h4 Rxh4 0-1

[Event "FIDE WCC Blitz Women 2019"]
[Site "Moscow"]
[Date "2019.12.30"]
[Round "17.52"]
[White "Druzhinina, Olga"]
[Black "Bulatova, Kamaliya"]
[Result "0-1"]
[WhiteElo "2245"]
[BlackElo "2038"]
[Annotator "NA"]
[PlyCount "60"]
[EventDate "2019.12.29"]
[EventType "swiss"]
[EventCountry "RUS"]
[SourceTitle "playchess.com"]
[Source "ChessBase"]
[SourceQuality "1"]

1. e4 c5 2. Nf3 d6 3. Bb5+ Nc6 4. O-O Bd7 5. Re1 Nf6 6. c3 a6 7. Bf1 Bg4 8. h3 Bxf3 9. Qxf3 g6 10. d3 Bg7 11. Nd2 O-O 12. Qe2 b5 13. f4 e5 14. f5 Nh5 15. Nf3 gxf5 16. exf5 Ng3 17. Qe3 Nxf5 18. Qe4 Qd7 19. g4 Ng3 20. Qe3 Nxf1 21. Rxf1 f5 22. gxf5 Qxf5 23. Kh2 Kh8 24. Bd2 e4 25. dxe4 Be5+ 26. Kg2 Rg8+ 27. Ng5 Rxg5+ 28. Qxg5 Qxe4+ 29. Rf3 Rg8 30. Qxg8+ Kxg8 0-1

[Event "FIDE WCC Blitz Women 2019"]
[Site "Moscow"]
[Date "2019.12.30"]
[Round "17.53"]
[White "Agrest, Inna"]
[Black "Serikbay, Assel"]
[Result "1/2-1/2"]
[WhiteElo "2180"]
[BlackElo "2028"]
[Annotator "NA"]
[PlyCount "76"]
[EventDate "2019.12.29"]
[EventType "swiss"]
[EventCountry "RUS"]
[SourceTitle "playchess.com"]
[Source "ChessBase"]
[SourceQuality "1"]

1. e4 c5 2. Nf3 e6 3. d4 cxd4 4. Nxd4 a6 5. Bd3 Nf6 6. c4 d6 7. Nc3 g6 8. O-O Bg7 9. Be3 O-O 10. f3 b6 11. Qd2 Bb7 12. b3 Nbd7 13. Rad1 Rc8 14. Bb1 Qc7 15. Nde2 Ne8 16. Kh1 b5 17. Rc1 bxc4 18. bxc4 Ne5 19. Na4 Nxc4 20. Rxc4 Qxc4 21. Nb6 Qb5 22. Bd3 Qb2 23. Nxc8 Bxc8 24. Qxb2 Bxb2 25. Rb1 Bg7 26. Rb8 Nc7 27. Bb6 Nb5 28. a4 Nc3 29. Nxc3 Bxc3 30. Bc7 d5 31. Bd6 Rd8 32. Bc7 Rf8 33. Bd6 Rd8 34. Bc7 Rf8 35. Bd6 Rd8 36. Bc7 Rf8 37. Bd6 Rd8 38. Bc7 Rf8 1/2-1/2

[Event "FIDE WCC Blitz Women 2019"]
[Site "Moscow"]
[Date "2019.12.30"]
[Round "17.54"]
[White "Antova, Gabriela"]
[Black "Karavaeva, Olga"]
[Result "1-0"]
[WhiteElo "1965"]
[BlackElo "2174"]
[Annotator "NA"]
[PlyCount "87"]
[EventDate "2019.12.29"]
[EventType "swiss"]
[EventCountry "RUS"]
[SourceTitle "playchess.com"]
[Source "ChessBase"]
[SourceQuality "1"]

1. d4 d5 2. c4 e6 3. Nf3 c6 4. Nc3 dxc4 5. e3 b5 6. a4 Bb4 7. Bd2 a5 8. axb5 Bxc3 9. Bxc3 cxb5 10. b3 Bb7 11. bxc4 b4 12. Bb2 Nf6 13. Bd3 Nbd7 14. O-O O-O 15. Nd2 Qc7 16. f3 e5 17. Bc2 exd4 18. exd4 Rfe8 19. Kh1 h6 20. Re1 Rxe1+ 21. Qxe1 Nb6 22. Qf1 Qf4 23. Qd3 a4 24. d5 b3 25. Bb1 Nbd7 26. Bd4 Re8 27. Ne4 Qc1+ 28. Bg1 Nxe4 29. fxe4 Ne5 30. Qd4 b2 31. Rxa4 Qxb1 32. Rb4 Ba6 33. Rxb2 Qc1 34. c5 Nd3 35. Rb6 Bc4 36. d6 Rxe4 37. Rb8+ Kh7 38. Qxe4+ g6 39. Qe3 Qxe3 40. Bxe3 Be6 41. c6 Ne5 42. c7 Nc4 43. Bc5 Ne5 44. c8=Q 1-0

[Event "FIDE WCC Blitz Women 2019"]
[Site "Moscow"]
[Date "2019.12.30"]
[Round "17.55"]
[White "Protopopova, Anastasiya"]
[Black "Afonasieva, Anna"]
[Result "0-1"]
[WhiteElo "2084"]
[BlackElo "2099"]
[Annotator "NA"]
[PlyCount "90"]
[EventDate "2019.12.29"]
[EventType "swiss"]
[EventCountry "RUS"]
[SourceTitle "playchess.com"]
[Source "ChessBase"]
[SourceQuality "1"]

1. d4 d5 2. c4 c6 3. Nf3 Nf6 4. Nc3 dxc4 5. e3 Bf5 6. Bxc4 e6 7. O-O Bb4 8. Qb3 Qe7 9. a3 Bxc3 10. bxc3 O-O 11. h3 c5 12. a4 Nc6 13. a5 Qc7 14. Qb5 Ne4 15. dxc5 Nxc3 16. Qb2 Ne4 17. Qa3 Ne5 18. Nxe5 Qxe5 19. Bb2 Qxc5 20. Qa2 Rac8 21. Rfc1 Qe7 22. Ba3 Qg5 23. Bxf8 Bxh3 24. Bf1 Rxf8 25. Qc2 Bf5 26. Bd3 Nd6 27. Bxf5 Nxf5 28. Qe2 Nh4 29. g3 Nf5 30. Rc7 h5 31. Rc4 h4 32. Qg4 Qf6 33. gxh4 Qxa1+ 34. Kg2 Qf6 35. h5 Nh6 36. Qe2 Qf5 37. Ra4 Qg5+ 38. Kf1 Rc8 39. Ra1 Qh4 40. Qf3 Qc4+ 41. Kg1 Qd5 42. Qe2 Rc4 43. Rd1 Qg5+ 44. Kf1 Rh4 45. Rd8+ Qxd8 0-1

[Event "FIDE WCC Blitz Women 2019"]
[Site "Moscow"]
[Date "2019.12.30"]
[Round "17.56"]
[White "Munkhzul, Davaakhuu"]
[Black "Ovezdurdiyeva, Jemal"]
[Result "0-1"]
[WhiteElo "1973"]
[BlackElo "1877"]
[Annotator "NA"]
[PlyCount "112"]
[EventDate "2019.12.29"]
[EventType "swiss"]
[EventCountry "RUS"]
[SourceTitle "playchess.com"]
[Source "ChessBase"]
[SourceQuality "1"]

1. e4 c5 2. Nf3 d6 3. d4 cxd4 4. Nxd4 Nf6 5. Nc3 a6 6. Nb3 e5 7. Bg5 Be6 8. Bxf6 Qxf6 9. Na5 b6 10. Nc4 Qd8 11. Nd5 Nd7 12. Be2 b5 13. Nce3 Nb6 14. O-O Nxd5 15. Nxd5 Bxd5 16. Qxd5 Be7 17. Qc6+ Kf8 18. a4 b4 19. Bxa6 g6 20. Bc4 Kg7 21. Qd5 Ra5 22. Qxf7+ Kh6 23. Bb5 Rf8 24. Qc4 Ra7 25. Rad1 Qa5 26. Rd3 Kg7 27. Rb3 Rc7 28. Qd3 Rfc8 29. Rc1 Bg5 30. Rd1 Rxc2 31. Qd5 Qb6 32. Rf1 Rf8 33. a5 Qa7 34. Rf3 Rxf3 35. gxf3 Bh4 36. Qxd6 Bxf2+ 37. Kh1 Bd4 38. Qd7+ Qxd7 39. Bxd7 Rxb2 40. a6 Ra2 41. Bb5 b3 42. Rb1 b2 43. Kg2 Kf6 44. h4 h6 45. Kf1 g5 46. hxg5+ Kxg5 47. Ke2 Kf4 48. Bd3 h5 49. Bc4 Ra4 50. Bb5 Ra5 51. Bd3 h4 52. Rh1 Kg3 53. Bb1 h3 54. Kd3 h2 55. Kc4 Kg2 56. Re1 h1=Q 0-1

[Event "FIDE WCC Blitz Women 2019"]
[Site "Moscow"]
[Date "2019.12.30"]
[Round "17.57"]
[White "Sgircea, Silvia-Raluca"]
[Black "Muetsch, Annmarie"]
[Result "1-0"]
[WhiteElo "2154"]
[BlackElo "2202"]
[Annotator "NA"]
[PlyCount "79"]
[EventDate "2019.12.29"]
[EventType "swiss"]
[EventCountry "RUS"]
[SourceTitle "playchess.com"]
[Source "ChessBase"]
[SourceQuality "1"]

1. Nf3 Nf6 2. c4 g6 3. g3 Bg7 4. d4 O-O 5. Bg2 d6 6. O-O Nc6 7. Nc3 a6 8. d5 Na5 9. Nd2 c5 10. Qc2 Bd7 11. a4 b6 12. b3 Qc8 13. Bb2 Bh3 14. Rfe1 Nb7 15. e4 Qg4 16. f3 Qh5 17. Nf1 g5 18. Qf2 Bxg2 19. Kxg2 e6 20. Ne3 Qg6 21. Rad1 g4 22. Nf1 exd5 23. exd5 Rae8 24. Nd2 gxf3+ 25. Qxf3 Rxe1 26. Rxe1 Qc2 27. Bc1 Na5 28. Nce4 Nxe4 29. Qxe4 Qa2 30. Qd3 f5 31. Rf1 Bh6 32. Kh1 Bxd2 33. Bxd2 Qxb3 34. Qe2 Qb2 35. Qe6+ Kh8 36. Bh6 Rg8 37. Qxd6 Nxc4 38. Qf4 b5 39. Qxf5 Qd4 40. Bg5 1-0

[Event "FIDE WCC Blitz Women 2019"]
[Site "Moscow"]
[Date "2019.12.30"]
[Round "17.58"]
[White "Nur-Mukhametova, Alisa"]
[Black "Lelekova, Olga"]
[Result "1-0"]
[WhiteElo "1832"]
[BlackElo "2176"]
[Annotator "NA"]
[PlyCount "139"]
[EventDate "2019.12.29"]
[EventType "swiss"]
[EventCountry "RUS"]
[SourceTitle "playchess.com"]
[Source "ChessBase"]
[SourceQuality "1"]

1. e4 c5 2. Nf3 Nc6 3. Bb5 e6 4. O-O Nge7 5. Re1 a6 6. Bf1 Ng6 7. c3 Be7 8. d4 cxd4 9. cxd4 O-O 10. Nc3 d6 11. Be3 b5 12. a3 Bb7 13. Rc1 Rc8 14. b4 Qd7 15. Qb3 Bd8 16. h3 Nh4 17. Nxh4 Bxh4 18. a4 bxa4 19. Nxa4 Bd8 20. Red1 Ne7 21. Rxc8 Qxc8 22. Rc1 Qa8 23. f3 h6 24. Nb2 Bb6 25. Nc4 Bc7 26. Bf2 d5 27. Nb2 Bf4 28. Be3 Bxe3+ 29. Qxe3 dxe4 30. fxe4 Bxe4 31. Re1 Bd5 32. Na4 Nf5 33. Qf2 Rc8 34. Nc5 Qc6 35. Rc1 Qb6 36. Rb1 Ra8 37. Qd2 a5 38. b5 a4 39. Ra1 a3 40. Qd3 a2 41. g4 Ne7 42. Qc2 Qxb5 43. Bxb5 Ra3 44. Qb2 Rg3+ 45. Kf1 Rxh3 46. Qf2 Rh1+ 47. Qg1 Rxg1+ 48. Kxg1 Nc8 49. Ba4 Nb6 50. Bb3 f5 51. gxf5 exf5 52. Rxa2 g5 53. Ra6 Bxb3 54. Nxb3 Nd5 55. Rxh6 Kg7 56. Rd6 Nf4 57. Nc5 Kf7 58. Kf2 g4 59. Kg3 Ng6 60. Rd7+ Ke8 61. Rg7 Ne7 62. Ne6 Kd7 63. Nf4 Kd6 64. Rf7 Kd7 65. Ng6 Ke6 66. Rxe7+ Kf6 67. Rd7 Kxg6 68. Kf4 Kf6 69. Rd6+ Ke7 70. Ra6 1-0

[Event "FIDE WCC Blitz Women 2019"]
[Site "Moscow"]
[Date "2019.12.30"]
[Round "17.59"]
[White "Komiagina, Maria"]
[Black "Fatianova, Tatiana"]
[Result "1-0"]
[WhiteElo "2106"]
[BlackElo "2029"]
[Annotator "NA"]
[PlyCount "75"]
[EventDate "2019.12.29"]
[EventType "swiss"]
[EventCountry "RUS"]
[SourceTitle "playchess.com"]
[Source "ChessBase"]
[SourceQuality "1"]

1. e4 Nc6 2. Nf3 d6 3. d4 Nf6 4. Nc3 g6 5. h3 Bg7 6. Be3 O-O 7. Qd2 e5 8. d5 Ne7 9. O-O-O a6 10. Bh6 b5 11. Bd3 c6 12. dxc6 Nxc6 13. Kb1 Be6 14. h4 Bxh6 15. Qxh6 Ng4 16. Qd2 h5 17. Ng5 Nd4 18. f3 b4 19. Ne2 Nf6 20. Nxd4 exd4 21. Nxe6 fxe6 22. Qh6 e5 23. Qxg6+ Kh8 24. g4 Qe8 25. Qh6+ Nh7 26. Rdf1 Rf4 27. g5 Qf8 28. Qxh5 Kg8 29. Bc4+ Kg7 30. g6 Nf6 31. Qg5 Qh8 32. h5 Qh6 33. Qg3 a5 34. Qh3 Ra7 35. Qe6 Qh8 36. h6+ Kxg6 37. Rfg1+ Rg4 38. Rxg4+ 1-0

[Event "FIDE WCC Blitz Women 2019"]
[Site "Moscow"]
[Date "2019.12.30"]
[Round "17.60"]
[White "Bogumil, Tatiana"]
[Black "Guindy, Esmat Susanne"]
[Result "1-0"]
[WhiteElo "1996"]
[BlackElo "2120"]
[Annotator "NA"]
[PlyCount "92"]
[EventDate "2019.12.29"]
[EventType "swiss"]
[EventCountry "RUS"]
[SourceTitle "playchess.com"]
[Source "ChessBase"]
[SourceQuality "1"]

1. Nf3 d5 2. c4 e6 3. b3 Be7 4. Bb2 Nf6 5. g3 b6 6. Bg2 Bb7 7. O-O c5 8. cxd5 Nxd5 9. Bxg7 Rg8 10. Bb2 Qc7 11. Nc3 Nd7 12. Rc1 h5 13. h4 Nf4 14. Nb5 Qb8 15. d4 Nxg2 16. Kxg2 Bxh4 17. dxc5 Rxg3+ 18. Kh2 Rxf3+ 19. Nd6+ Ke7 20. exf3 bxc5 21. Kg2 Qxd6 22. Qxd6+ Kxd6 23. Rh1 Rg8+ 24. Kf1 Ba6+ 25. Ke1 Bg5 26. Rd1+ Ke7 27. Rxh5 Nb6 28. Be5 Nd5 29. f4 Bf6 30. Bxf6+ Kxf6 31. f5 Rg1+ 32. Kd2 Rxd1+ 33. Kxd1 exf5 34. Rh8 Nc3+ 35. Kc2 Nxa2 36. Ra8 Nb4+ 37. Kc3 Nd5+ 38. Kd2 Nb4 39. Rc8 Ke6 40. Rxc5 Bb7 41. Rb5 Bc6 42. Rxb4 Kd6 43. Rf4 Ke5 44. Rc4 Kd6 45. Rd4+ Ke5 46. Rd8 Ke6 1-0

[Event "FIDE WCC Blitz Women 2019"]
[Site "Moscow"]
[Date "2019.12.30"]
[Round "17.61"]
[White "Novikova, Anna"]
[Black "Antonova, Nadezhda"]
[Result "1-0"]
[WhiteElo "2045"]
[BlackElo "1914"]
[Annotator "NA"]
[PlyCount "121"]
[EventDate "2019.12.29"]
[EventType "swiss"]
[EventCountry "RUS"]
[SourceTitle "playchess.com"]
[Source "ChessBase"]
[SourceQuality "1"]

1. e4 d6 2. d4 Nf6 3. Nc3 e5 4. Nf3 Nbd7 5. h3 Be7 6. Be3 c6 7. a4 O-O 8. a5 Re8 9. Be2 Qc7 10. O-O Bf8 11. dxe5 dxe5 12. Bg5 h6 13. Bh4 Bc5 14. Bc4 g5 15. Bg3 Nh5 16. Bxe5 Nxe5 17. Nxe5 Qxe5 18. Qxh5 Qf6 19. Rae1 Be6 20. e5 Qg6 21. Qxg6+ fxg6 22. Bxe6+ Rxe6 23. Ne4 Bb4 24. c3 Bxa5 25. Nc5 Re7 26. e6 Bb6 27. Nd7 Kg7 28. Kh1 Rae8 29. f4 gxf4 30. Rxf4 Rxe6 31. Ref1 R8e7 32. Nxb6 axb6 33. Kh2 g5 34. Rb4 b5 35. Ra1 Re2 36. Ra7 Rc2 37. Rg4 Kg6 38. Ra8 Rxb2 39. h4 Kf5 40. Rg3 gxh4 41. Rf8+ Ke6 42. Rg6+ Kd7 43. Rxh6 Ree2 44. Rf7+ Re7 45. Rf4 b6 46. Rff6 c5 47. Rd6+ Ke8 48. Rxb6 Ree2 49. Rhg6 Kf7 50. Rbf6+ Ke7 51. Rc6 c4 52. Rc7+ Kd8 53. Ra7 b4 54. Rg8+ Re8 55. Ra8+ Kd7 56. Rgxe8 bxc3 57. Red8+ Ke7 58. Rdc8 Rb4 59. Ra3 c2 60. Rc3 Kd7 61. R8xc4 1-0